U.S. Military Active Aircraft - Statistics

General Stats
  • This quiz has been taken 2,466 times
  • The average score is 16 of 29
Answer Stats
Hint Answer % Correct
F-22 Raptor
89%
F-15 Eagle
86%
C-130 Hercules
82%
F/A-18 Hornet
80%
F-35 Lightning
77%
AH-64 Apache
76%
A-10 Thunderbolt
76%
B-52 Stratofortress
74%
B-2 Spirit
72%
C-5 Galaxy
71%
B-1 Lancer
70%
CH-47 Chinook
69%
F-16 Fighting Falcon
68%
C-17 Globemaster
66%
CV-22 Osprey
57%
EH-60 Black Hawk
55%
U-2 Dragon Lady
46%
E-2 Hawkeye
46%
KC-135 Stratotanker
41%
AC-130 Spectre
39%
E-3 Sentry
38%
MQ-1 Predator
37%
MC-130 Combat Talon
36%
C-130J Super Hercules
35%
T-38 Talon
35%
KC-10 Extender
30%
RQ-4 Global Hawk
28%
HH-60 Pave Hawk
25%
EC-130H Compass Call
16%
No matching quizzes found
Score Distribution
Percent of People with Each Score
Percentile by Number Answered
Your Score History
You have not taken this quiz